[Event "FRA-ch Blitz Online Qual"]
[Site "Europe Echecs INT"]
[Date "2020.05.16"]
[Round "13"]
[White "Azymah, Remy"]
[Black "Ribiere, Damien"]
[Result "0-1"]
[WhiteElo "1934"]
[BlackElo "2083"]
[PlyCount "48"]
[EventDate "2020.05.16"]
[EventType "swiss (blitz)"]
[EventRounds "15"]
[EventCountry "FRA"]
[SourceTitle "CBM 196 Extra"]
[Source "ChessBase"]
[SourceDate "2020.07.31"]
[SourceVersion "1"]
[SourceVersionDate "2020.07.31"]
[SourceQuality "1"]

1. e4 d6 2. d4 Nf6 3. Nc3 g6 4. Bg5 c6 5. Qd2 b5 6. Bd3 Nbd7 7. Nf3 Bg7 8. Bh6 0-0 9. 0-0 e5 10. dxe5 Nxe5 11. Nxe5 dxe5 12. Be3 Qe7 13. f3 Be6 14. Qf2 Rfd8 15. Bc5 Qc7 16. a4 bxa4 17. Rxa4 Nd7 18. Rxa7 Rxa7 19. Bxa7 Bf8 20. Na4 Ra8 21. Bb6 Qb7 22. b3 Rxa4 23. bxa4 Qxb6 24. Rb1 Qxb1+ 0-1

[Event "FRA-ch Blitz Online Qual"]
[Site "Europe Echecs INT"]
[Date "2020.05.16"]
[Round "12"]
[White "Mareau, Timothe"]
[Black "Azymah, Remy"]
[Result "0-1"]
[WhiteElo "1642"]
[BlackElo "1934"]
[PlyCount "110"]
[EventDate "2020.05.16"]
[EventType "swiss (blitz)"]
[EventRounds "15"]
[EventCountry "FRA"]
[SourceTitle "CBM 196 Extra"]
[Source "ChessBase"]
[SourceDate "2020.07.31"]
[SourceVersion "1"]
[SourceVersionDate "2020.07.31"]
[SourceQuality "1"]

1. e4 c5 2. c3 Nf6 3. e5 Nd5 4. d4 cxd4 5. cxd4 Nc6 6. Nc3 e6 7. Nf3 d6 8. Nxd5 exd5 9. exd6 Bxd6 10. Bd3 Bg4 11. h3 Bh5 12. Be3 Bg6 13. Bxg6 hxg6 14. Qb3 Rb8 15. 0-0 0-0 16. Rac1 Na5 17. Qb5 a6 18. Qd3 Nc4 19. b3 Nxe3 20. Qxe3 Qd7 21. Ne5 Qf5 22. f4 Rfe8 23. Qf3 Bxe5 24. dxe5 Red8 25. Rc7 d4 26. Rd1 d3 27. g4 Qe6 28. Rxd3 Rxd3 29. Qxd3 Qb6+ 30. Kg2 Qxc7 31. Kg3 Rd8 32. Qe4 Qc3+ 33. Kh4 Qc6 34. Qb4 Rd5 35. Qe7 Qd7 36. Qg5 Qd8 37. Qxd8+ Rxd8 38. Kg5 Rd2 39. f5 gxf5 40. gxf5 Rxa2 41. e6 fxe6 42. fxe6 Re2 43. Kf5 Kf8 44. h4 Re3 45. h5 Rxb3 46. Kg6 Re3 47. Kf5 a5 48. e7+ Kxe7 49. Kg6 Rg3+ 50. Kh7 a4 51. h6 gxh6 52. Kh8 a3 53. Kh7 a2 54. Kh8 a1Q+ 55. Kh7 Qg7# 0-1

[Event "Noisiel op 5th"]
[Site "Noisiel"]
[Date "2020.02.17"]
[Round "4"]
[White "Dorval, Olivier"]
[Black "Azymah, Remy"]
[Result "0-1"]
[WhiteElo "1883"]
[BlackElo "1932"]
[PlyCount "32"]
[EventDate "2020.02.15"]
[EventType "swiss"]
[EventRounds "9"]
[EventCountry "FRA"]
[SourceTitle "CBM 195 Extra"]
[Source "ChessBase"]
[SourceDate "2020.05.31"]
[SourceVersion "1"]
[SourceVersionDate "2020.05.31"]
[SourceQuality "1"]

1. d4 Nf6 2. Bf4 g6 3. Nc3 d5 4. e3 Bg7 5. h4 h5 6. Nf3 0-0 7. Ne5 c6 8. f3 Qb6 9. Qd2 Qxb2 10. Rb1 Qa3 11. Be2 b6 12. Kf2 Ba6 13. Rbg1 Bxe2 14. Nxe2 Nbd7 15. g4 hxg4 16. fxg4 Ne4+ 0-1

[Event "Sautron op 19th"]
[Site "Sautron"]
[Date "2019.10.19"]
[Round "2.4"]
[White "Azymah, Remy"]
[Black "Barbot, Pierre"]
[Result "0-1"]
[WhiteElo "1948"]
[BlackElo "2435"]
[PlyCount "68"]
[EventDate "2019.12.10"]
[EventType "swiss"]
[EventRounds "9"]
[EventCountry "FRA"]
[SourceTitle "EXT 2022"]
[Source "ChessBase"]
[SourceDate "2021.10.06"]
[SourceVersion "1"]
[SourceVersionDate "2021.10.06"]
[SourceQuality "1"]

1. e4 c5 2. Nf3 d6 3. d4 cxd4 4. Nxd4 Nf6 5. Nc3 Nc6 6. Bc4 e6 7. Bb3 Be7 8. Be3 0-0 9. Qe2 Bd7 10. 0-0-0 Rc8 11. g4 Nxd4 12. Bxd4 e5 13. Bxa7 Bxg4 14. f3 Be6 15. Qb5 Qc7 16. Be3 Qc6 17. Rd2 Rfd8 18. Rhd1 Ra8 19. Kb1 Ra6 20. Bg5 h6 21. Bxf6 Bxf6 22. Qxc6 Rxc6 23. Nd5 Bg5 24. Rd3 Rc5 25. Nb6 Rc6 26. Nd5 Rc5 27. Nb6 Be7 28. Bd5 g6 29. Rb3 Rc7 30. Rb4 Kg7 31. Rd3 Kf8 32. Ra3 Bh4 33. Na8 Re7 34. Bxb7 Rb8 0-1

[Event "Sautron op 18th"]
[Site "Sautron "]
[Date "2018.10.21"]
[Round "2.4"]
[White "Prie, Eric"]
[Black "Azymah, Remy"]
[Result "1-0"]
[WhiteElo "2482"]
[BlackElo "1943"]
[PlyCount "47"]
[EventDate "2018.10.20"]
[EventType "swiss"]
[EventRounds "9"]
[EventCountry "FRA"]
[SourceTitle "CBM 187 Extra"]
[Source "ChessBase"]
[SourceDate "2018.11.04"]
[SourceVersion "1"]
[SourceVersionDate "2018.11.04"]
[SourceQuality "1"]

1. d4 Nf6 2. Bf4 g6 3. Nc3 d5 4. e3 Bg7 5. h4 0-0 6. h5 Nxh5 7. Rxh5 gxh5 8. Qxh5 c6 9. Nf3 e6 10. g4 f5 11. gxf5 exf5 12. Bd3 Nd7 13. 0-0-0 Nf6 14. Qh2 b5 15. Rg1 a5 16. Ne5 Qe8 17. f3 Ra7 18. Ne2 Be6 19. Ng3 Qc8 20. Qh3 Ne4 21. Nh5 Nf2 22. Qg2 Nxd3+ 23. cxd3 Qb7 24. Bh6 1-0

[Event "Sautron op 18th"]
[Site "Sautron "]
[Date "2018.10.20"]
[Round "8.14"]
[White "Shirazi, Kamran"]
[Black "Azymah, Remy"]
[Result "1/2-1/2"]
[WhiteElo "2342"]
[BlackElo "1943"]
[PlyCount "97"]
[EventDate "2018.10.20"]
[EventType "swiss"]
[EventRounds "9"]
[EventCountry "FRA"]
[SourceTitle "EXT 2021"]
[Source "ChessBase"]
[SourceDate "2020.10.23"]
[SourceVersion "1"]
[SourceVersionDate "2020.10.23"]
[SourceQuality "1"]

1. e4 c5 2. d4 cxd4 3. c3 Nf6 4. e5 Nd5 5. Bc4 Nb6 6. Bb3 Nc6 7. Nf3 e6 8. cxd4 d6 9. Qe2 dxe5 10. dxe5 Nd5 11. 0-0 Be7 12. Bd2 0-0 13. Nc3 Nxc3 14. Bxc3 b6 15. Rfd1 Qc7 16. Rac1 Bb7 17. a3 Rad8 18. Re1 Rd7 19. Ba4 a6 20. Bxc6 Qxc6 21. Bd4 Bc5 22. Bxc5 bxc5 23. b4 Rd5 24. Rc3 Rfd8 25. h4 Qa4 26. bxc5 Rd1 27. Rxd1 Rxd1+ 28. Ne1 h6 29. h5 Qd4 30. c6 Qxc3 31. Qxd1 Qxc6 32. Qd8+ Kh7 33. Qd3+ Kg8 34. Qe3 Qd5 35. f3 Qc4 36. g4 Bd5 37. Kf2 a5 38. Kg3 a4 39. Qd3 Qb3 40. Kf4 Qa2 41. Qc3 Qb3 42. Qd3 Qa2 43. Qc3 Qb3 44. Qc8+ Kh7 45. Qc5 Kg8 46. Qc1 Bc4 47. Kg3 Qb5 48. Qf4 Qb3 49. Qc1 1/2-1/2